[Event "ROM-ch U14"]
[Site "Baile Felix"]
[Date "2017.02.02"]
[Round "1"]
[White "Sarighioleanu, Sebastian Laurentiu"]
[Black "Ganea, Alex Florin"]
[Result "1-0"]
[WhiteElo "1704"]
[BlackElo "1223"]
[PlyCount "63"]
[EventDate "2017.02.02"]
[EventType "swiss"]
[EventRounds "9"]
[EventCountry "ROU"]
[SourceTitle "CBM 176 Extra"]
[Source "ChessBase"]
[SourceDate "2017.03.02"]
[SourceVersion "1"]
[SourceVersionDate "2017.03.02"]
[SourceQuality "1"]

1. d4 d6 2. c4 c6 3. Nc3 Qc7 4. Nf3 Nd7 5. Bf4 e5 6. dxe5 dxe5 7. Bg3 Ngf6 8. e3 Be7 9. Qc2 0-0 10. Be2 Re8 11. 0-0 Nf8 12. Bxe5 Bd6 13. Bxd6 Qxd6 14. Rad1 Qc7 15. Rd2 h6 16. Nd4 g5 17. Nf5 Bxf5 18. Qxf5 N8h7 19. Rfd1 Rad8 20. h3 Rxd2 21. Rxd2 Rd8 22. Rxd8+ Qxd8 23. Bd3 a6 24. Ne4 Kg7 25. Ng3 b5 26. Nh5+ Kg8 27. cxb5 axb5 28. a3 c5 29. Nxf6+ Nxf6 30. Bxb5 Qd1+ 31. Bf1 Qd6 32. e4 1-0

[Event "ROM-ch U14"]
[Site "Calimanesti Caciulata"]
[Date "2016.04.25"]
[Round "9"]
[White "Cozac, Nicolae Stelian"]
[Black "Ganea, Alex Florin"]
[Result "0-1"]
[WhiteElo "1001"]
[BlackElo "1166"]
[PlyCount "52"]
[EventDate "2016.04.18"]
[EventType "swiss"]
[EventRounds "9"]
[EventCountry "ROU"]
[SourceTitle "CBM 172 Extra"]
[Source "ChessBase"]
[SourceDate "2016.06.21"]
[SourceVersion "1"]
[SourceVersionDate "2016.06.21"]
[SourceQuality "1"]

1. e4 c6 2. Bc4 e6 3. Bf1 Qc7 4. d3 d5 5. exd5 cxd5 6. b3 Nf6 7. Bb2 Nc6 8. Bxf6 gxf6 9. c3 d4 10. cxd4 Nxd4 11. Nc3 Qxc3+ 12. Qd2 Bb4 13. Qxc3 Bxc3+ 14. Kd1 Bxa1 15. Nf3 Nxf3 16. gxf3 b6 17. f4 Rg8 18. Bg2 Rxg2 19. Ke1 Bb7 20. Kf1 Rg6 21. Rg1 0-0-0 22. Rxg6 hxg6 23. h4 Rd4 24. a3 Rxf4 25. f3 Bxf3 26. Kf2 Bd5+ 0-1

[Event "ROM-ch U14"]
[Site "Calimanesti Caciulata"]
[Date "2016.04.24"]
[Round "8"]
[White "Ganea, Alex Florin"]
[Black "Clipcea, Caius Lucian"]
[Result "0-1"]
[WhiteElo "1166"]
[BlackElo "1507"]
[PlyCount "100"]
[EventDate "2016.04.18"]
[EventType "swiss"]
[EventRounds "9"]
[EventCountry "ROU"]
[SourceTitle "CBM 172 Extra"]
[Source "ChessBase"]
[SourceDate "2016.06.21"]
[SourceVersion "1"]
[SourceVersionDate "2016.06.21"]
[SourceQuality "1"]

1. Nf3 d5 2. b3 c5 3. e3 Nc6 4. Bb5 e6 5. Bb2 a6 6. Bxc6+ bxc6 7. d4 Nf6 8. Nbd2 cxd4 9. exd4 Be7 10. h3 0-0 11. 0-0 Bb7 12. Ne5 c5 13. f4 Rc8 14. g4 Qc7 15. g5 Ne8 16. h4 cxd4 17. Bxd4 Qxc2 18. Nd7 Qd3 19. Nf3 Qf5 20. Nfe5 Nd6 21. Nxf8 Bxf8 22. Qg4 Qxg4+ 23. Nxg4 Nf5 24. h5 Nxd4 25. h6 Bc5 26. Kh2 Bd6 27. Ne5 g6 28. Nd7 Ne2 29. Nf6+ Kh8 30. Kh3 Nxf4+ 31. Kh4 e5 32. Rab1 Rc2 33. b4 Rh2+ 34. Kg4 Bc8+ 35. Kf3 e4+ 36. Ke3 Re2+ 37. Kd4 Rd2+ 38. Kc3 Rd3+ 39. Kc2 Bf5 40. b5 e3 41. bxa6 Ra3+ 42. Kc1 Bxb1 43. Kxb1 e2 44. Rc1 Rc3 45. Re1 Bc5 46. Kb2 d4 47. Nd5 Nxd5 48. Rxe2 Re3 49. Rc2 Ba3+ 50. Kb1 Re1+ 0-1

[Event "ROM-ch U14"]
[Site "Calimanesti Caciulata"]
[Date "2016.04.22"]
[Round "6"]
[White "Ganea, Alex Florin"]
[Black "Lider, Vasile"]
[Result "1-0"]
[WhiteElo "1166"]
[BlackElo "1001"]
[PlyCount "21"]
[EventDate "2016.04.18"]
[EventType "swiss"]
[EventRounds "9"]
[EventCountry "ROU"]
[SourceTitle "CBM 172 Extra"]
[Source "ChessBase"]
[SourceDate "2016.06.21"]
[SourceVersion "1"]
[SourceVersionDate "2016.06.21"]
[SourceQuality "1"]

1. e4 e5 2. Nf3 Nf6 3. Nc3 Nc6 4. Bc4 d5 5. exd5 Nd4 6. d3 e4 7. dxe4 Nxf3+ 8. Qxf3 Bd7 9. e5 Nh5 10. d6 cxd6 11. Qxf7# 1-0